[Event "2. Bundesliga Mitte 2009/2010"]
[Site "St. Veit/Glan"]
[Date "2010.04.17"]
[Round "10"]
[Board "3"]
[White "Felsberger, Alfred"]
[Black "Schnider, Gert"]
[Result "1/2-1/2"]
[WhiteElo "2368"]
[BlackElo "2322"]
[PlyCount "59"]
[EventDate "2009.10.10"]
[EventType "team"]
[EventRounds "11"]
[EventCountry "AUT"]
[WhiteTeam "Union Ansfelden"]
[BlackTeam "Frauental"]

1.d4 d5 2.c4 c6 3.e3 Nf6 4.Nc3 e6 5.Nf3 a6 6.a3 Nbd7 7.c5 g6 8.b4 Bg7 9.Bb2 O-O
10.Be2 Qe7 11.O-O e5 12.dxe5 Nxe5 13.Nxe5 Qxe5 14.Bf3 Bf5 15.Re1 Rfe8 16.Rc1
Rad8 17.Ba1 Qc7 18.Ne2 Be4 19.Nd4 Bxf3 20.Nxf3 Qe7 21.Bd4 Nd7 22.h3 Ne5 23.Nxe5
Bxe5 24.Qd2 Qf6 25.Red1 Kg7 26.Qc2 Qh4 27.Qc3 Qf6 28.Qc2 Qh4 29.Qc3 Qf6 30.Qc2

[Event "2. Bundesliga Mitte 2009/2010"]
[Site "St. Veit/Glan"]
[Date "2010.04.17"]
[Round "10"]
[Board "4"]
[White "Schreiner, Peter"]
[Black "Ennsberger, Ulrich"]
[Result "1/2-1/2"]
[WhiteElo "2254"]
[BlackElo "2347"]
[PlyCount "84"]
[EventDate "2009.10.10"]
[EventType "team"]
[EventRounds "11"]
[EventCountry "AUT"]
[WhiteTeam "Frauental"]
[BlackTeam "Union Ansfelden"]

1.e4 c5 2.Nf3 Nc6 3.d4 cxd4 4.Nxd4 Qb6 5.Nb3 Nf6 6.Nc3 e6 7.a3 d6 8.Be3 Qc7
9.Be2 Be7 10.O-O O-O 11.f4 a6 12.a4 b6 13.Bf3 Rb8 14.Kh1 Re8 15.Nd4 Nxd4 16.Bxd4
e5 17.Be3 exf4 18.Bxf4 Be6 19.Nd5 Nxd5 20.exd5 Bf5 21.c3 Bg6 22.Be2 Qb7 23.c4
Rbd8 24.Qd2 Bf6 25.Bf3 Be5 26.Rae1 Bxf4 27.Qxf4 Qc7 28.b3 Bc2 29.Re3 a5 30.Rfe1
Kf8 31.Be4 Bxe4 32.Rxe4 Qd7 33.Rxe8+ Rxe8 34.Rxe8+ Kxe8 35.Qe3+ Qe7 36.Qxb6 Qe1+
37.Qg1 Qc3 38.Qd1 h5 39.h3 h4 40.Qf3 Qa1+ 41.Kh2 Qe5+ 42.Kh1 Qa1+

[Event "2. Bundesliga Mitte 2009/2010"]
[Site "St. Veit/Glan"]
[Date "2010.04.17"]
[Round "10"]
[Board "5"]
[White "Moser, Guenter"]
[Black "Raffalt, Manfred"]
[Result "1-0"]
[WhiteElo "2327"]
[BlackElo "2136"]
[PlyCount "43"]
[EventDate "2009.10.10"]
[EventType "team"]
[EventRounds "11"]
[EventCountry "AUT"]
[WhiteTeam "Union Ansfelden"]
[BlackTeam "Frauental"]

1.d4 Nf6 2.c4 e5 3.dxe5 Ng4 4.Nf3 Nc6 5.Nc3 Bc5 6.e3 O-O 7.a3 Ngxe5 8.b4 Be7
9.Nd5 d6 10.Bb2 Bf6 11.Nxf6+ Qxf6 12.Ra2 Be6 13.Nxe5 dxe5 14.Ra1 Qh4 15.Qc2 Rfe8
16.Rc1 f6 17.Bd3 Ne7 18.O-O c6 19.f4 Qh6 20.Rce1 exf4 21.exf4 f5 22.Re3

[Event "2. Bundesliga Mitte 2009/2010"]
[Site "St. Veit/Glan"]
[Date "2010.04.17"]
[Round "10"]
[Board "6"]
[White "Schnabel, Josef"]
[Black "Hellmayr, Alois"]
[Result "0-1"]
[WhiteElo "2010"]
[BlackElo "2269"]
[PlyCount "64"]
[EventDate "2009.10.10"]
[EventType "team"]
[EventRounds "11"]
[EventCountry "AUT"]
[WhiteTeam "Frauental"]
[BlackTeam "Union Ansfelden"]

1.d4 Nf6 2.c4 e6 3.Nc3 Bb4 4.Nf3 b6 5.Bg5 Bb7 6.e3 h6 7.Bh4 g5 8.Bg3 Ne4 9.Qc2
Bxc3+ 10.bxc3 d6 11.Nd2 Nxg3 12.hxg3 Nd7 13.g4 Nf6 14.f3 Qe7 15.Bd3 O-O-O
16.O-O-O h5 17.gxh5 Nxh5 18.g4 Nf6 19.Rde1 Rxh1 20.Rxh1 Nxg4 21.Be4 Nf6 22.Bd3
Kb8 23.Rg1 Nd7 24.Ne4 f6 25.Qh2 d5 26.Ng3 dxc4 27.Bxc4 Bxf3 28.e4 g4 29.Qc2 Qd6
30.Ne2 Rh8 31.Ng3 Rh3 32.Qf2 Qc6

[Event "2. Bundesliga Mitte 2009/2010"]
[Site "St. Veit/Glan"]
[Date "2010.04.17"]
[Round "10"]
[Board "1"]
[White "Bosiocic, Marin"]
[Black "Mohr, Georg"]
[Result "1-0"]
[WhiteElo "2577"]
[BlackElo "2503"]
[PlyCount "45"]
[EventDate "2009.10.10"]
[EventType "team"]
[EventRounds "11"]
[EventCountry "AUT"]
[WhiteTeam "SV Signum Siebdruck St. Veit/Glan"]
[BlackTeam "Strassenbahn Graz"]

1.e4 c5 2.Nf3 e6 3.d4 cxd4 4.Nxd4 Nf6 5.Nc3 Nc6 6.Ndb5 Bb4 7.a3 Bxc3+ 8.Nxc3 d5
9.exd5 exd5 10.Bd3 d4 11.Ne2 Bf5 12.O-O Bxd3 13.Qxd3 Qd5 14.Nf4 Qe4 15.Qb3 b5
16.Nd3 Qd5 17.Re1+ Kd7 18.c4 Qxc4 19.Nc5+ Qxc5 20.Qxf7+ Ne7 21.Bf4 Nfg8 22.Rac1
Qf5 23.Rxe7+

[Event "2. Bundesliga Mitte 2009/2010"]
[Site "St. Veit/Glan"]
[Date "2010.04.17"]
[Round "10"]
[Board "2"]
[White "Pesorda, Ivan"]
[Black "Rogic, Davor"]
[Result "0-1"]
[WhiteElo "2256"]
[BlackElo "2559"]
[PlyCount "60"]
[EventDate "2009.10.10"]
[EventType "team"]
[EventRounds "11"]
[EventCountry "AUT"]
[WhiteTeam "Strassenbahn Graz"]
[BlackTeam "SV Signum Siebdruck St. Veit/Glan"]

1.d4 d5 2.c4 c6 3.Nc3 Nf6 4.Nf3 dxc4 5.a4 Bf5 6.e3 e6 7.Bxc4 Bb4 8.O-O Nbd7
9.Qe2 Bg4 10.h3 Bxf3 11.Qxf3 O-O 12.Rd1 Qa5 13.Bd2 e5 14.Qf5 exd4 15.Qxa5 Bxa5
16.exd4 Nb6 17.Bb3 Rad8 18.Bg5 Rfe8 19.f3 Rd7 20.Bxf6 gxf6 21.Ne4 Kg7 22.Ng3 Nd5
23.Nh5+ Kg6 24.Bxd5 Kxh5 25.Be4 Kg5 26.Kf1 f5 27.Bc2 Red8 28.Ra3 Bb6 29.d5 cxd5
30.Rad3 d4

[Event "2. Bundesliga Mitte 2009/2010"]
[Site "St. Veit/Glan"]
[Date "2010.04.17"]
[Round "10"]
[Board "3"]
[White "Neubauer, Martin"]
[Black "Krebs, Johann"]
[Result "1/2-1/2"]
[WhiteElo "2465"]
[BlackElo "2218"]
[PlyCount "117"]
[EventDate "2009.10.10"]
[EventType "team"]
[EventRounds "11"]
[EventCountry "AUT"]
[WhiteTeam "SV Signum Siebdruck St. Veit/Glan"]
[BlackTeam "Strassenbahn Graz"]

1.d4 Nf6 2.Nf3 g6 3.c4 c5 4.Nc3 Bg7 5.e4 cxd4 6.Nxd4 d6 7.Be2 O-O 8.O-O Nc6
9.Be3 Nxd4 10.Bxd4 Be6 11.f4 Rc8 12.b3 Qa5 13.Bf3 a6 14.Qe1 Nd7 15.Bxg7 Kxg7
16.f5 gxf5 17.exf5 Bxf5 18.Bxb7 Qb6+ 19.Kh1 Qxb7 20.Rxf5 Nf6 21.Nd5 Nxd5 22.Rxd5
Rg8 23.Qh4 Kh8 24.Re1 f6 25.Qe4 Rg7 26.c5 Rcg8 27.cxd6 e5 28.Rd2 Rd8 29.Qxb7
Rxb7 30.Rc1 Kg7 31.Rc6 a5 32.Ra6 Rb5 33.Ra7+ Kg6 34.g4 Rb4 35.h3 Rd4 36.Rxd4
exd4 37.Rxa5 Rxd6 38.Rf5 d3 39.Rf1 Kg5 40.Kg2 d2 41.Rd1 Kf4 42.Kf2 Rd3 43.b4
Rxh3 44.Rxd2 Rh1 45.Rd4+ Ke5 46.Rd7 Rb1 47.a3 Rb3 48.Rd2 Rxa3 49.Rb2 Kf4 50.b5
Kxg4 51.b6 Ra8 52.Rb4+ Kf5 53.b7 Rb8 54.Kf3 Ke5 55.Rb6 h5 56.Rb5+ Ke6 57.Kf4 Kd6
58.Rb6+ Kc5 59.Rxf6

[Event "2. Bundesliga Mitte 2009/2010"]
[Site "St. Veit/Glan"]
[Date "2010.04.17"]
[Round "10"]
[Board "4"]
[White "Steiner, Stefan"]
[Black "Mazi, Leon"]
[Result "1/2-1/2"]
[WhiteElo "2230"]
[BlackElo "2375"]
[PlyCount "102"]
[EventDate "2009.10.10"]
[EventType "team"]
[EventRounds "11"]
[EventCountry "AUT"]
[WhiteTeam "Strassenbahn Graz"]
[BlackTeam "SV Signum Siebdruck St. Veit/Glan"]

1.Nf3 Nf6 2.c4 g6 3.g3 Bg7 4.Bg2 O-O 5.Nc3 d6 6.d4 Nbd7 7.h3 e5 8.dxe5 dxe5
9.Be3 c6 10.Qb3 Re8 11.Rd1 Qe7 12.Nd2 Nc5 13.Qa3 Ne6 14.Qxe7 Rxe7 15.Nde4 Ne8
16.Nc5 Nd4 17.Bg5 f6 18.Bc1 f5 19.e3 Ne6 20.Nxe6 Bxe6 21.b3 e4 22.Kd2 Nf6 23.Kc2
Nd7 24.Ba3 Ree8 25.Rd2 Ne5 26.Rhd1 Rac8 27.Bd6 b5 28.Bxe5 Bxe5 29.Bf1 Kf7 30.h4
bxc4 31.Bxc4 Bxc4 32.bxc4 Rb8 33.Rd7+ Re7 34.Rxe7+ Kxe7 35.Rb1 Rxb1 36.Nxb1 Bc7
37.Nd2 Ba5 38.Kd1 Bxd2 39.Kxd2 Kd6 40.Kc3 Kc5 41.Kb3 a5 42.a4 Kd6 43.Kc3 Ke5
44.Kd2 Kf6 45.Ke2 g5 46.hxg5+ Kxg5 47.f3 c5 48.Kf2 h5 49.f4+ Kg4 50.Kg2 h4
51.gxh4 Kxh4

[Event "2. Bundesliga Mitte 2009/2010"]
[Site "St. Veit/Glan"]
[Date "2010.04.17"]
[Round "10"]
[Board "5"]
[White "Kaspret, Guido"]
[Black "Schink, Barbara"]
[Result "1-0"]
[WhiteElo "2310"]
[BlackElo "2057"]
[PlyCount "57"]
[EventDate "2009.10.10"]
[EventType "team"]
[EventRounds "11"]
[EventCountry "AUT"]
[WhiteTeam "SV Signum Siebdruck St. Veit/Glan"]
[BlackTeam "Strassenbahn Graz"]

1.c4 e6 2.Nf3 d5 3.g3 Nf6 4.Bg2 dxc4 5.Qa4+ c6 6.Qxc4 b5 7.Qc2 Bb7 8.d4 Nbd7
9.Nc3 c5 10.dxc5 Bxc5 11.O-O Rc8 12.a3 O-O 13.e4 e5 14.Qe2 a6 15.Nh4 b4 16.axb4
Bxb4 17.Nf5 Re8 18.Bg5 h6 19.Be3 Qc7 20.Nd5 Nxd5 21.Qg4 g6 22.Nxh6+ Kf8 23.exd5
Qd6 24.Rad1 a5 25.Bh3 Rc7 26.Qh4 Nf6 27.Bg5 Ng8 28.Nxg8 Kxg8 29.Bf6

[Event "2. Bundesliga Mitte 2009/2010"]
[Site "St. Veit/Glan"]
[Date "2010.04.17"]
[Round "10"]
[Board "6"]
[White "Teuschler, Hugo"]
[Black "Hebesberger, Thomas"]
[Result "0-1"]
[WhiteElo "2067"]
[BlackElo "2330"]
[PlyCount "68"]
[EventDate "2009.10.10"]
[EventType "team"]
[EventRounds "11"]
[EventCountry "AUT"]
[WhiteTeam "Strassenbahn Graz"]
[BlackTeam "SV Signum Siebdruck St. Veit/Glan"]

1.e4 c5 2.Nf3 e6 3.d4 cxd4 4.Nxd4 Qb6 5.Nb3 Qc7 6.Bd3 Nf6 7.Nc3 a6 8.Qe2 d6
9.O-O Nbd7 10.a4 b6 11.f4 Bb7 12.Be3 Be7 13.Kh1 O-O 14.Rae1 e5 15.Qf3 Rfe8
16.Bg1 Bc6 17.Nd2 Qb7 18.Qh3 Nf8 19.fxe5 dxe5 20.Nc4 N8d7 21.Nd5 Bxd5 22.exd5
Qxd5 23.Rxf6 Nxf6 24.Rxe5 Qc6 25.Qf3 Qxf3 26.gxf3 Bc5 27.Kg2 Bxg1 28.Kxg1 Rxe5
29.Nxe5 Re8 30.Nc6 a5 31.b4 Re6 32.Nd4 Re1+ 33.Kf2 Ra1 34.Be4 Rxa4

[Event "2. Bundesliga Mitte 2009/2010"]
[Site "St. Veit/Glan"]
[Date "2010.04.18"]
[Round "11"]
[Board "1"]
[White "Mohr, Georg"]
[Black "Taggatz, Mario"]
[Result "1/2-1/2"]
[WhiteElo "2503"]
[BlackElo "2330"]
[PlyCount "60"]
[EventDate "2009.10.10"]
[EventType "team"]
[EventRounds "11"]
[EventCountry "AUT"]
[WhiteTeam "Strassenbahn Graz"]
[BlackTeam "Spg. Sauwald"]

1.e4 c5 2.Nf3 e6 3.d3 Nc6 4.g3 g6 5.Bg2 Bg7 6.O-O Nge7 7.Re1 d6 8.c3 e5 9.a3 O-O
10.b4 h6 11.Nbd2 Be6 12.Bb2 b5 13.Nf1 Qb6 14.Ne3 a5 15.Qd2 Rfd8 16.h4 axb4
17.axb4 cxb4 18.cxb4 Ra4 19.Rxa4 bxa4 20.Bc3 Qb5 21.Nc2 d5 22.Na3 Qb8 23.b5 dxe4
24.bxc6 exf3 25.Bxf3 Nxc6 26.Bxc6 Qd6 27.Bxa4 Qxa3 28.Bb5 Qc5 29.Ba4 Qa7 30.Bb5
Qc5

[Event "2. Bundesliga Mitte 2009/2010"]
[Site "St. Veit/Glan"]
[Date "2010.04.18"]
[Round "11"]
[Board "2"]
[White "Schmidt, Peter"]
[Black "Pesorda, Ivan"]
[Result "1-0"]
[WhiteElo "2394"]
[BlackElo "2256"]
[PlyCount "49"]
[EventDate "2009.10.10"]
[EventType "team"]
[EventRounds "11"]
[EventCountry "AUT"]
[WhiteTeam "Spg. Sauwald"]
[BlackTeam "Strassenbahn Graz"]

1.Nf3 Nf6 2.g3 d5 3.Bg2 c6 4.c4 a6 5.O-O b5 6.b3 e6 7.d4 Nbd7 8.Nbd2 Be7 9.Qc2
Bb7 10.c5 O-O 11.Bb2 a5 12.a3 b4 13.axb4 axb4 14.Rxa8 Qxa8 15.Ra1 Qb8 16.Ra4 Qc7
17.Ne1 e5 18.Nd3 e4 19.Nxb4 Ng4 20.e3 f5 21.Bc3 f4 22.exf4 g5 23.Nxe4 gxf4
24.Qe2 h5 25.Nd6

[Event "2. Bundesliga Mitte 2009/2010"]
[Site "St. Veit/Glan"]
[Date "2010.04.18"]
[Round "11"]
[Board "3"]
[White "Krebs, Johann"]
[Black "Testor, Sebastian"]
[Result "1/2-1/2"]
[WhiteElo "2218"]
[BlackElo "2319"]
[PlyCount "56"]
[EventDate "2009.10.10"]
[EventType "team"]
[EventRounds "11"]
[EventCountry "AUT"]
[WhiteTeam "Strassenbahn Graz"]
[BlackTeam "Spg. Sauwald"]

1.d4 e6 2.c4 Nf6 3.Nc3 Bb4 4.Qc2 d5 5.a3 Bxc3+ 6.Qxc3 Ne4 7.Qc2 c5 8.dxc5 Nc6
9.cxd5 exd5 10.Nf3 Bf5 11.b4 O-O 12.Qb2 d4 13.e3 d3 14.Bd2 Qd5 15.Rc1 a6 16.Bc3
Rfe8 17.Rd1 Nxc3 18.Qxc3 Red8 19.a4 a5 20.bxa5 Be4 21.Nd2 Bxg2 22.Rg1 Nd4
23.Bxg2 Qh5 24.Bf3 Qxh2 25.Kf1 Qh3+ 26.Bg2 Qh5 27.Bf3 Qh3+ 28.Bg2 Qh5

[Event "2. Bundesliga Mitte 2009/2010"]
[Site "St. Veit/Glan"]
[Date "2010.04.18"]
[Round "11"]
[Board "4"]
[White "Hiermann, Dietmar"]
[Black "Steiner, Stefan"]
[Result "1-0"]
[WhiteElo "2297"]
[BlackElo "2230"]
[PlyCount "41"]
[EventDate "2009.10.10"]
[EventType "team"]
[EventRounds "11"]
[EventCountry "AUT"]
[WhiteTeam "Spg. Sauwald"]
[BlackTeam "Strassenbahn Graz"]

1.e4 e6 2.d4 d5 3.Nc3 h6 4.Be3 dxe4 5.Nxe4 Bd7 6.Nf3 Bc6 7.Bd3 Nd7 8.O-O Ngf6
9.Ned2 Be7 10.c4 O-O 11.Rc1 Re8 12.Bb1 Nh7 13.Qc2 Nhf8 14.Rcd1 Bd6 15.Rfe1 Qf6
16.Ne4 Bxe4 17.Qxe4 c6 18.a3 a6 19.Nd2 e5 20.d5 Nc5 21.Qf3

[Event "2. Bundesliga Mitte 2009/2010"]
[Site "St. Veit/Glan"]
[Date "2010.04.18"]
[Round "11"]
[Board "5"]
[White "Schink, Barbara"]
[Black "Kirschner, Alexander"]
[Result "0-1"]
[WhiteElo "2057"]
[BlackElo "2220"]
[PlyCount "75"]
[EventDate "2009.10.10"]
[EventType "team"]
[EventRounds "11"]
[EventCountry "AUT"]
[WhiteTeam "Strassenbahn Graz"]
[BlackTeam "Spg. Sauwald"]

1.e4 e6 2.d4 d5 3.Nc3 Bb4 4.e5 c5 5.a3 Ba5 6.b4 cxd4 7.Qg4 Ne7 8.bxa5 dxc3
9.Qxg7 Rg8 10.Qxh7 Nbc6 11.f4 Qxa5 12.Nf3 Bd7 13.Rb1 O-O-O 14.Qd3 d4 15.g3 a6
16.Be2 Be8 17.Kf2 Nf5 18.Rg1 f6 19.exf6 Bg6 20.Qc4 Rd5 21.Qb3 Nd6 22.Ne5 Ne4+
23.Kf1 Nc5 24.Nxc6 Nxb3 25.Nxa5 Nxa5 26.Bd3 Bxd3+ 27.cxd3 Rf5 28.Kg2 Rxf6 29.a4
Nc6 30.Re1 Kc7 31.Ba3 Rxf4 32.Rxe6 Rf5 33.Rh6 b5 34.Bd6+ Kb6 35.Bf4 Rxf4 36.a5+
Kb7 37.Rh7+ Kb8 38.Rd1

[Event "2. Bundesliga Mitte 2009/2010"]
[Site "St. Veit/Glan"]
[Date "2010.04.18"]
[Round "11"]
[Board "6"]
[White "Niederwieser, Peter"]
[Black "Teuschler, Hugo"]
[Result "1-0"]
[WhiteElo "2173"]
[BlackElo "2067"]
[PlyCount "141"]
[EventDate "2009.10.10"]
[EventType "team"]
[EventRounds "11"]
[EventCountry "AUT"]
[WhiteTeam "Spg. Sauwald"]
[BlackTeam "Strassenbahn Graz"]

1.d4 d5 2.c4 e6 3.Nc3 Nf6 4.cxd5 exd5 5.Bg5 Be7 6.e3 c6 7.Bd3 Nbd7 8.Qc2 g6
9.O-O-O Nb6 10.Kb1 Nh5 11.Bxe7 Qxe7 12.h3 Be6 13.Nf3 O-O-O 14.Na4 Nxa4 15.Qxa4
Kb8 16.Rc1 Ng7 17.g4 h5 18.Ne5 hxg4 19.hxg4 Rxh1 20.Rxh1 Ne8 21.Qb3 Ka8 22.a4
Nd6 23.Qb4 Qc7 24.a5 f6 25.Nxg6 Bxg4 26.Nf4 Rb8 27.Rh7 Qd8 28.f3 Bc8 29.Qc5 Nf5
30.a6 Qb6 31.axb7+ Rxb7 32.Qxb6 axb6 33.Rh8 Rb8 34.Rxc8 Rxc8 35.Bxf5 Rh8 36.Kc2
Kb7 37.Kc3 Kc7 38.b4 Kd6 39.Bd3 c5 40.bxc5+ bxc5 41.dxc5+ Kxc5 42.Bc2 Re8
43.Nd3+ Kd6 44.Kd4 Rb8 45.Ba4 Rb7 46.Bd1 Rb1 47.Bc2 Rb8 48.f4 Re8 49.Nb4 Rc8
50.Bb3 Rb8 51.Kc3 Rc8+ 52.Kd4 Rb8 53.Kc3 Rc8+ 54.Kb2 d4 55.exd4 Re8 56.Kc3 Re3+
57.Nd3 Rf3 58.d5 Re3 59.Kd4 Re2 60.Bc4 Re8 61.Bb3 Re2 62.Bd1 Re8 63.Bf3 Re7
64.Be4 Rb7 65.Bf5 Rc7 66.Be6 Rc2 67.Ke4 Rd2 68.Nb4 Kc5 69.Nc6 Rf2 70.Ne7 Kd6
71.Ng6

[Event "2. Bundesliga Mitte 2009/2010"]
[Site "St. Veit/Glan"]
[Date "2010.04.18"]
[Round "11"]
[Board "1"]
[White "Diermair, Andreas"]
[Black "Bosiocic, Marin"]
[Result "0-1"]
[WhiteElo "2333"]
[BlackElo "2577"]
[PlyCount "86"]
[EventDate "2009.10.10"]
[EventType "team"]
[EventRounds "11"]
[EventCountry "AUT"]
[WhiteTeam "Frauental"]
[BlackTeam "SV Signum Siebdruck St. Veit/Glan"]

1.d4 f5 2.Nf3 g6 3.g3 Bg7 4.Bg2 Nf6 5.O-O O-O 6.b3 c6 7.Bb2 Na6 8.c4 Nc7 9.Nbd2
d6 10.Qc2 h6 11.e4 fxe4 12.Nxe4 Bf5 13.Nh4 e6 14.Nxf5 exf5 15.Nd2 Qd7 16.Rfe1
Rae8 17.Qd3 Qf7 18.Ba3 Qd7 19.Bb2 Rf7 20.Rxe8+ Qxe8 21.Ba3 d5 22.Nf3 Ne4 23.Re1
Rd7 24.Qe3 Ne6 25.Bb2 Kh7 26.Bf1 c5 27.Rd1 dxc4 28.Bxc4 Nxd4 29.Nxd4 cxd4 30.Qe1
Re7 31.Qb4 Nc3 32.Rf1 Nxa2 33.Qa5 Nc3 34.Ba3 b6 35.Qb4 Rd7 36.Bd3 Qe6 37.Bb2 a5
38.Qa3 h5 39.Bc4 Qe4 40.Qa1 Ne2+ 41.Bxe2 Qxe2 42.Re1 Qb5 43.Qd1 a4

[Event "2. Bundesliga Mitte 2009/2010"]
[Site "St. Veit/Glan"]
[Date "2010.04.18"]
[Round "11"]
[Board "2"]
[White "Rogic, Davor"]
[Black "Cigan, Stefan"]
[Result "1/2-1/2"]
[WhiteElo "2559"]
[BlackElo "2371"]
[PlyCount "84"]
[EventDate "2009.10.10"]
[EventType "team"]
[EventRounds "11"]
[EventCountry "AUT"]
[WhiteTeam "SV Signum Siebdruck St. Veit/Glan"]
[BlackTeam "Frauental"]

1.e4 e5 2.Nf3 Nf6 3.Nxe5 d6 4.Nf3 Nxe4 5.d4 d5 6.Bd3 Nc6 7.O-O Be7 8.Nc3 Nxc3
9.bxc3 Bg4 10.Rb1 Rb8 11.Re1 O-O 12.Bf4 Bd6 13.Bxd6 Bxf3 14.Qxf3 Qxd6 15.Re3 g6
16.h4 Kg7 17.Rbe1 Rbd8 18.Bb5 h5 19.Bxc6 Qxc6 20.Re7 Rd7 21.Qf4 Rxe7 22.Rxe7
Qxc3 23.Qe5+ Kg8 24.Rxc7 Qa1+ 25.Kh2 Qxa2 26.g4 hxg4 27.h5 Qa3 28.hxg6 Qf3
29.gxf7+ Rxf7 30.Rc8+ Rf8 31.Qg5+ Kh7 32.Qh5+ Kg7 33.Qg5+ Kh7 34.Qe7+ Kg8
35.Qe6+ Kg7 36.Rxf8 Kxf8 37.Qc8+ Kg7 38.Qd7+ Kg6 39.Qe6+ Kg5 40.Qe5+ Kg6 41.Qe6+
Kg5 42.Qe5+ Kg6

[Event "2. Bundesliga Mitte 2009/2010"]
[Site "St. Veit/Glan"]
[Date "2010.04.18"]
[Round "11"]
[Board "3"]
[White "Schnider, Gert"]
[Black "Neubauer, Martin"]
[Result "1/2-1/2"]
[WhiteElo "2322"]
[BlackElo "2465"]
[PlyCount "74"]
[EventDate "2009.10.10"]
[EventType "team"]
[EventRounds "11"]
[EventCountry "AUT"]
[WhiteTeam "Frauental"]
[BlackTeam "SV Signum Siebdruck St. Veit/Glan"]

1.e4 e5 2.Nf3 Nc6 3.Bb5 Nf6 4.O-O Nxe4 5.Re1 Nd6 6.Nxe5 Be7 7.Bf1 Nxe5 8.Rxe5
O-O 9.d4 Bf6 10.Re1 Re8 11.c3 Rxe1 12.Qxe1 Qe8 13.Qxe8+ Nxe8 14.Bf4 d5 15.Nd2
Be6 16.Re1 Rd8 17.Bd3 Nd6 18.h3 h6 19.Be5 Bxe5 20.Rxe5 Re8 21.h4 Kf8 22.Kf1 f6
23.Re3 b6 24.Bg6 Re7 25.Ke1 Bf5 26.Rxe7 Kxe7 27.Bh5 Bd3 28.Be2 Bxe2 29.Kxe2 g5
30.hxg5 hxg5 31.g4 f5 32.f3 Ke6 33.Nf1 fxg4 34.fxg4 c5 35.Nd2 cxd4 36.cxd4 Ne4
37.b3 Nxd2

[Event "2. Bundesliga Mitte 2009/2010"]
[Site "St. Veit/Glan"]
[Date "2010.04.18"]
[Round "11"]
[Board "4"]
[White "Mazi, Leon"]
[Black "Schreiner, Peter"]
[Result "1/2-1/2"]
[WhiteElo "2375"]
[BlackElo "2254"]
[PlyCount "81"]
[EventDate "2009.10.10"]
[EventType "team"]
[EventRounds "11"]
[EventCountry "AUT"]
[WhiteTeam "SV Signum Siebdruck St. Veit/Glan"]
[BlackTeam "Frauental"]

1.e4 e5 2.Nf3 Nc6 3.Bc4 Bc5 4.c3 Nf6 5.d3 d6 6.Bb3 a6 7.Nbd2 Ba7 8.Nf1 d5 9.Qe2
d4 10.Ng3 Be6 11.Bxe6 fxe6 12.c4 Bc5 13.O-O O-O 14.h3 a5 15.Ng5 Qd6 16.a3 h6
17.Nf3 a4 18.Qc2 Nd7 19.Nh2 Ne7 20.Nh5 Ng6 21.g3 Nf6 22.Qe2 Qe7 23.Nxf6+ Qxf6
24.Bd2 Bd6 25.Rac1 c5 26.Rb1 Bc7 27.b4 axb3 28.Rxb3 b6 29.Bc1 Ne7 30.Kg2 Kh7
31.Rb5 Nc6 32.Qh5 Ra5 33.Rb1 Ra7 34.Qe2 Qg6 35.Ra1 Ne7 36.Ra2 Ng8 37.Qg4 Qe8
38.Qd1 Nf6 39.Qe2 b5 40.cxb5 Qxb5 41.Nf3

[Event "2. Bundesliga Mitte 2009/2010"]
[Site "St. Veit/Glan"]
[Date "2010.04.18"]
[Round "11"]
[Board "5"]
[White "Raffalt, Manfred"]
[Black "Kaspret, Guido"]
[Result "1/2-1/2"]
[WhiteElo "2136"]
[BlackElo "2310"]
[PlyCount "94"]
[EventDate "2009.10.10"]
[EventType "team"]
[EventRounds "11"]
[EventCountry "AUT"]
[WhiteTeam "Frauental"]
[BlackTeam "SV Signum Siebdruck St. Veit/Glan"]

1.d4 Nf6 2.c4 g6 3.g3 Bg7 4.Bg2 O-O 5.Nf3 d6 6.O-O c6 7.Nc3 Bf5 8.b3 Qc8 9.Bb2
a6 10.Rc1 Bh6 11.e3 b5 12.Qe2 Bh3 13.Nd2 Bxg2 14.Kxg2 bxc4 15.Nxc4 Qb7 16.Qf3
Nfd7 17.Rc2 a5 18.Na4 Bg7 19.Rfc1 Ra6 20.e4 Qc7 21.Ne3 Qa7 22.Rd1 Nb6 23.d5 Nxa4
24.Bxg7 Kxg7 25.bxa4 Nd7 26.dxc6 Ne5 27.Qf4 Rxc6 28.Rxc6 Nxc6 29.Qg5 Ne5 30.Nf5+
Kh8 31.Qxe7 Qxe7 32.Nxe7 Re8 33.Nd5 Rc8 34.Ne3 Nc4 35.Kf3 Rc6 36.Nxc4 Rxc4
37.Rxd6 Rxa4 38.Rd2 Ra3+ 39.Kf4 Kg7 40.h4 Kf6 41.Rb2 h6 42.f3 Ke6 43.g4 g5+
44.hxg5 hxg5+ 45.Kg3 f6 46.Rb6+ Ke5 47.Rb5+ Ke6

[Event "2. Bundesliga Mitte 2009/2010"]
[Site "St. Veit/Glan"]
[Date "2010.04.18"]
[Round "11"]
[Board "6"]
[White "Hebesberger, Thomas"]
[Black "Schnabel, Josef"]
[Result "1-0"]
[WhiteElo "2330"]
[BlackElo "2010"]
[PlyCount "58"]
[EventDate "2009.10.10"]
[EventType "team"]
[EventRounds "11"]
[EventCountry "AUT"]
[WhiteTeam "SV Signum Siebdruck St. Veit/Glan"]
[BlackTeam "Frauental"]

1.c4 c5 2.g3 Nc6 3.Bg2 e6 4.Nf3 g6 5.d4 cxd4 6.Nxd4 Nxd4 7.Qxd4 Qf6 8.Qxf6 Nxf6
9.Nc3 a6 10.Bf4 d6 11.O-O-O Ng4 12.Ne4 f5 13.Nxd6+ Bxd6 14.Rxd6 Nxf2 15.Rf1 Ng4
16.h3 Nf6 17.Rfd1 Kf7 18.Rd8 Re8 19.Be5 Rxd8 20.Rxd8 Ke7 21.Rh8 h5 22.Kc2 Nd7
23.Rh7+ Ke8 24.Bd6 e5 25.Re7+ Kd8 26.Rg7 Ke8 27.Rg8+ Kf7 28.Bd5+ Kf6 29.c5 Nb8

[Event "2. Bundesliga Mitte 2009/2010"]
[Site "St. Veit/Glan"]
[Date "2010.04.18"]
[Round "11"]
[Board "1"]
[White "Fogarasi, Tibor"]
[Black "Weiss, Christian"]
[Result "1/2-1/2"]
[WhiteElo "2421"]
[BlackElo "2421"]
[PlyCount "63"]
[EventDate "2009.10.10"]
[EventType "team"]
[EventRounds "11"]
[EventCountry "AUT"]
[WhiteTeam "ASK St. Valentin"]
[BlackTeam "Union Ansfelden"]

1.e4 c5 2.Nf3 e6 3.d4 cxd4 4.Nxd4 a6 5.Bd3 Nc6 6.Be3 Nf6 7.Nc3 b5 8.O-O Bb7
9.Nb3 Qc7 10.f4 Na5 11.Nxa5 Qxa5 12.e5 b4 13.exf6 bxc3 14.fxg7 Bxg7 15.bxc3 Bxc3
16.Rb1 Bc6 17.f5 Qe5 18.Qe2 Bd4 19.Rbe1 Bxe3+ 20.Qxe3 Qxe3+ 21.Rxe3 Ke7 22.Rf4
a5 23.f6+ Kd6 24.Rd4+ Kc7 25.Rg4 h5 26.Rg7 Raf8 27.Be4 Rh6 28.Bxc6 Kxc6 29.Rc3+
Kd6 30.Rd3+ Kc6 31.Rc3+ Kd6 32.Rd3+

[Event "2. Bundesliga Mitte 2009/2010"]
[Site "St. Veit/Glan"]
[Date "2010.04.18"]
[Round "11"]
[Board "2"]
[White "Knoll, Hermann"]
[Black "Sandhoefner, Florian"]
[Result "1-0"]
[WhiteElo "2384"]
[BlackElo "2160"]
[PlyCount "55"]
[EventDate "2009.10.10"]
[EventType "team"]
[EventRounds "11"]
[EventCountry "AUT"]
[WhiteTeam "Union Ansfelden"]
[BlackTeam "ASK St. Valentin"]

1.e4 c5 2.Nf3 d6 3.d4 cxd4 4.Nxd4 Nf6 5.Nc3 a6 6.Bg5 e6 7.f4 Qb6 8.Qd2 Qxb2
9.Nb3 Qa3 10.Bd3 Nc6 11.O-O Be7 12.Rae1 h6 13.Bh4 Nxe4 14.Rxe4 b5 15.Bxe7 Nxe7
16.f5 exf5 17.Ree1 Kf8 18.Kh1 d5 19.Nd4 g6 20.Qe3 Qd6 21.g4 fxg4 22.Bxg6 Qxg6
23.Qxe7+ Kg7 24.Qe5+ Kh7 25.Qe7 Kg7 26.Nxd5 g3 27.Rg1 Bg4 28.Qe5+

[Event "2. Bundesliga Mitte 2009/2010"]
[Site "St. Veit/Glan"]
[Date "2010.04.18"]
[Round "11"]
[Board "3"]
[White "Kranzl, Peter"]
[Black "Felsberger, Alfred"]
[Result "1/2-1/2"]
[WhiteElo "2285"]
[BlackElo "2368"]
[PlyCount "62"]
[EventDate "2009.10.10"]
[EventType "team"]
[EventRounds "11"]
[EventCountry "AUT"]
[WhiteTeam "ASK St. Valentin"]
[BlackTeam "Union Ansfelden"]

1.e4 c5 2.c3 Nf6 3.e5 Nd5 4.d4 cxd4 5.Qxd4 e6 6.Nf3 Nc6 7.Qe4 f5 8.Qe2 Qc7 9.g3
d6 10.exd6 Bxd6 11.Bg2 O-O 12.O-O Nf6 13.Nbd2 e5 14.Nc4 e4 15.Ng5 h6 16.Nxd6
Qxd6 17.Qc4+ Qd5 18.Qxd5+ Nxd5 19.Nh3 g5 20.f3 Re8 21.fxe4 fxe4 22.Nf2 Bf5
23.Re1 Nf6 24.Be3 Rad8 25.Rad1 Kf7 26.h3 Rxd1 27.Rxd1 a6 28.Rf1 Ke6 29.Re1 Kf7
30.Rf1 Ke6 31.Re1 Kf7